| 000 | 00649cam a22002411 4500 | ||
|---|---|---|---|
| 001 | g 01001687 | ||
| 003 | DLC | ||
| 005 | 20260227111255.0 | ||
| 008 | 810417s1900 gw b 000 0 ger | ||
| 010 | _ag 01001687 | ||
| 035 | _a(OCoLC)7346841 | ||
| 040 |
_aDLC _cNNU _dDLC |
||
| 042 | _apremarc | ||
| 050 | 0 | 0 |
_aBF685 _b.S4 |
| 100 | 1 |
_aScott, Walter Dill, _d1869-1955. |
|
| 245 | 0 | 4 | _aDie psychologie der triebe historisch-kritisch betrachtet. |
| 260 |
_aLeipzig, _c1900. |
||
| 300 |
_a52 p., 2 leaves _c22 cm. |
||
| 502 | _aInaug.--diss.--Leipzig. | ||
| 500 | _aVita. | ||
| 504 | _a"Litteraturverzeichnis": 1 leaf | ||
| 650 | 0 | _aImpulse. | |
| 999 |
_c23812 _d23812 |
||